|
|
|
|
| LEADER |
00000cam a2200000 a 4500 |
| 001 |
vtls001448134 |
| 003 |
SK-MaSNL |
| 005 |
20260301073031.0 |
| 008 |
240226s2002 xo o crp 000 0 slo |
| 015 |
|
|
|a SNBA2003/06-02068
|
| 020 |
|
|
|a 8089080197
|
| 035 |
|
|
|a SNK000403397
|
| 035 |
|
|
|a urn:nbn:sk:snk-am3j0la
|
| 035 |
|
|
|a C0C6F307-7241-459A-96E2-55CE7F82AAD5
|
| 035 |
|
|
|a urn:nbn:sk:snk-am00gjxp
|
| 040 |
|
|
|a SNK
|b slo
|c SNK
|e AACR2
|
| 041 |
0 |
|
|a slo
|
| 044 |
|
|
|a xo
|c SK
|
| 072 |
|
7 |
|a 93/94
|x Dejiny (všeobecne)
|2 konspekt
|
| 080 |
|
|
|a 93/94
|2 2011
|
| 080 |
|
|
|a 94"04/14"
|2 2011
|
| 080 |
|
|
|a (075.2)
|2 2011
|
| 080 |
|
|
|a (075.3)
|2 2011
|
| 080 |
|
|
|a (076.1)
|2 2011
|
| 100 |
1 |
|
|a Gurňák, Daniel,
|d 1974-
|4 aut
|9 203303
|
| 245 |
1 |
0 |
|a Stredovek
|b dejepisný zošit 7.
|c D. Gurňák
|
| 250 |
|
|
|a 1. vydanie
|
| 260 |
|
|
|a Bratislava
|b Mapa Slovakia Škola
|c 2002
|
| 300 |
|
|
|a 72 strán
|b fotografie
|c 23 cm
|
| 650 |
0 |
7 |
|a dejepis
|2 SNKPH
|9 4288
|
| 650 |
0 |
7 |
|a stredovek
|2 SNKPH
|9 4259
|
| 655 |
|
7 |
|a učebnice základných škôl
|2 SNKPH
|9 70187
|
| 655 |
|
7 |
|a učebnice stredných škôl
|2 SNKPH
|9 69323
|
| 655 |
|
7 |
|a pracovné zošity
|2 SNKPH
|9 70188
|
| 919 |
|
|
|a 80-89080-19-7
|
| 958 |
|
|
|a OND
|
| 999 |
|
|
|c 642949
|d 644879
|
| 952 |
|
|
|t P60, <03>, [BOOK], {603}
|a SNK
|b SNK
|y PREZ
|7 0
|p 17A0371911
|o snkSC 110479
|i snkKSP 933/2003
|0 0
|1 0
|4 0
|d 2003-01-24
|f 1
|l 0
|r 2025-10-01 00:00:00
|w 2026-02-23
|
| 952 |
|
|
|t P60, <04>, [BOOK], {604}
|a SNK
|b SNK
|y VYP
|7 0
|p 17A0371910
|o snkSC 110479 D1
|i snkKSP 934/2003
|0 0
|1 0
|4 0
|d 2003-01-24
|l 0
|r 2005-01-02 00:00:00
|w 2026-02-23
|